00356pab a2200133 454500008004000000100001900040245003700059260000900096300001500105362001500120650004400135650002800179773001500207180718b1997 xxu||||| |||| 00| 0 eng d aMuthamma, C.B. aChasing the legislative majority c1997 ap.29-31,40 aAnn.20 Dec aUttar Pradesh - Politics and government aPolitics and government aMainstream